000 00669nam a22001817a 4500
999 _c61604
_d61604
005 20240328155033.0
008 240328s2015 enk||||| |||| 00| 0 eng d
020 _a9780691624044
041 _aeng
080 _a355.40(73) + 327 K-34
100 _aKent, Sherman
_921620
245 _aStrategic Intelligence for American World Policy /
_cSherman Kent.
264 _aPrinceton :
_b Princeton University Press;
_c2015.
300 _a226 p.;
_b21 cm.
653 _aსტრატეგიული დაზვერვა ამერიკის მსოფლიო პოლიტიკისთვის
653 _aპოლიტიკა
942 _2udc
_cBK